[Event "Oberliga Baden 0607"]
[Site "Germany"]
[Date "2007.02.04"]
[Round "5.7"]
[White "Villing, Dieter"]
[Black "Vingerling, Marcel"]
[Result "1/2-1/2"]
[WhiteElo "2197"]
[BlackElo "2220"]
[PlyCount "117"]
[EventDate "2006.10.15"]
[EventType "team-tourn"]
[EventRounds "9"]
[EventCountry "GER"]
[SourceTitle "EXT 2008"]
[Source "ChessBase"]
[SourceDate "2007.11.25"]
[SourceVersion "1"]
[SourceVersionDate "2007.11.25"]
[SourceQuality "1"]
[WhiteTeam "Kuppenheim"]
[BlackTeam "Ladenburg"]
[WhiteTeamCountry "GER"]
[BlackTeamCountry "GER"]

1. e4 d5 2. exd5 Nf6 3. d4 Bg4 4. Nf3 Qxd5 5. Nc3 Qd8 6. Bg5 h6 7. Bh4 c6 8. Bc4 e6 9. Qe2 Be7 10. 0-0-0 Nbd7 11. h3 Bxf3 12. Qxf3 Nb6 13. Bb3 Nfd5 14. Bxe7 Qxe7 15. Rhe1 Nxc3 16. Qxc3 0-0 17. Qa5 Nd5 18. c4 b6 19. Qd2 Nf6 20. Kb1 Qd6 21. Qe3 Rfd8 22. g4 c5 23. dxc5 Qxc5 24. Qxc5 bxc5 25. Kc1 Kf8 26. Bc2 Ke7 27. f4 Rab8 28. b3 Rb6 29. Rxd8 Kxd8 30. f5 Ke7 31. Kd2 Nd7 32. Kc3 a5 33. fxe6 fxe6 34. h4 Rd6 35. g5 Rd4 36. gxh6 gxh6 37. Re4 e5 38. a3 Kd6 39. b4 axb4+ 40. axb4 cxb4+ 41. Kxb4 Rxe4 42. Bxe4 Nc5 43. Bf5 e4 44. Kb5 e3 45. Bg4 Ne4 46. Kb6 Ke5 47. c5 Kf4 48. Be2 Kg3 49. c6 Kf2 50. c7 Nd6 51. Kc6 Nc8 52. Ba6 e2 53. Bxe2 Kxe2 54. Kd7 Na7 55. Ke6 h5 56. Kf5 Kf3 57. Kg5 Ke4 58. Kxh5 Kf5 59. Kh6 1/2-1/2

[Event "Oberliga Baden 0607"]
[Site "Germany"]
[Date "2006.12.10"]
[Round "4.6"]
[White "Fervers, Lukas"]
[Black "Vingerling, Marcel"]
[Result "1/2-1/2"]
[WhiteElo "2063"]
[BlackElo "2220"]
[PlyCount "50"]
[EventDate "2006.10.15"]
[EventType "team-tourn"]
[EventRounds "9"]
[EventCountry "GER"]
[SourceTitle "EXT 2008"]
[Source "ChessBase"]
[SourceDate "2007.11.25"]
[SourceVersion "1"]
[SourceVersionDate "2007.11.25"]
[SourceQuality "1"]
[WhiteTeam "Freiburg"]
[BlackTeam "Kuppenheim"]
[WhiteTeamCountry "GER"]
[BlackTeamCountry "GER"]

1. e4 d5 2. exd5 Qxd5 3. Nc3 Qd6 4. d4 Nf6 5. Nf3 a6 6. Be3 Bg4 7. Be2 e6 8. Qd2 Nc6 9. Bf4 Qd7 10. Ne5 Nxe5 11. Bxe5 Bxe2 12. Qxe2 0-0-0 13. 0-0 Qc6 14. Rfe1 h5 15. Rad1 Bd6 16. Rd3 Ng4 17. h3 Nxe5 18. dxe5 Bb4 19. Red1 Bxc3 20. Rxc3 Rxd1+ 21. Qxd1 Qe4 22. Re3 Qb4 23. Rb3 Qe4 24. Re3 Qc6 25. Rc3 Qe4 1/2-1/2

[Event "Oberliga Baden 0506"]
[Site "Germany"]
[Date "2005.12.11"]
[Round "4.7"]
[White "Vingerling, Marcel"]
[Black "Kopp, Berthold"]
[Result "1-0"]
[WhiteElo "2195"]
[BlackElo "2259"]
[PlyCount "47"]
[EventDate "2005.10.23"]
[EventType "team-tourn"]
[EventRounds "9"]
[EventCountry "GER"]
[SourceTitle "EXT 2007"]
[Source "ChessBase"]
[SourceDate "2006.11.23"]
[SourceVersion "1"]
[SourceVersionDate "2006.11.23"]
[SourceQuality "1"]
[WhiteTeam "Kuppenheim"]
[BlackTeam "Lahr"]
[WhiteTeamCountry "GER"]
[BlackTeamCountry "GER"]

1. Nc3 d5 2. e4 dxe4 3. Nxe4 Nd7 4. Bc4 e6 5. Nf3 Ngf6 6. d3 Be7 7. 0-0 0-0 8. Qe2 b6 9. Re1 Nxe4 10. Qxe4 Rb8 11. d4 Bb7 12. Qe2 Bf6 13. Bf4 Ra8 14. Rad1 c6 15. Ne5 Bxe5 16. dxe5 Qe7 17. Qh5 Qb4 18. b3 b5 19. a3 Qa5 20. b4 Qxa3 21. Re3 Qxb4 22. Rh3 h6 23. Bxh6 bxc4 24. Bd2 1-0

[Event "Oberliga Baden 0203"]
[Site "Germany"]
[Date "2003.01.26"]
[Round "5.8"]
[White "Zeier, Robert"]
[Black "Vingerling, Marcel"]
[Result "0-1"]
[WhiteElo "2140"]
[BlackElo "2195"]
[PlyCount "70"]
[EventDate "2002.10.20"]
[EventType "team-tourn"]
[EventRounds "9"]
[EventCountry "GER"]
[SourceTitle "EXT 2018"]
[Source "ChessBase"]
[SourceDate "2017.10.13"]
[SourceVersion "1"]
[SourceVersionDate "2017.10.13"]
[SourceQuality "1"]
[WhiteTeam "Untergrombach"]
[BlackTeam "Kuppenheim"]
[WhiteTeamCountry "GER"]
[BlackTeamCountry "GER"]

1. e4 d5 2. exd5 Nf6 3. d4 Bg4 4. f3 Bf5 5. Bb5+ Nbd7 6. c4 a6 7. Bxd7+ Qxd7 8. Ne2 b5 9. b3 e6 10. dxe6 fxe6 11. 0-0 Rd8 12. Nbc3 Qc6 13. cxb5 axb5 14. Qe1 Bb4 15. Bd2 Bd3 16. Rc1 Ba3 17. Qg3 Bxc1 18. Rxc1 0-0 19. Nf4 Qd6 20. Be3 b4 21. Na4 Bf5 22. Nc5 Ra8 23. Qf2 h6 24. Rc4 g5 25. Nfd3 Bxd3 26. Nxd3 Ng4 27. Qe2 Qxh2+ 28. Kf1 Rxa2 29. Bg1 Rxe2 30. Bxh2 Rd2 31. Bg1 Rxd3 32. Ke2 Rxb3 33. fxg4 Ra8 34. Rc2 Rg3 35. Kf2 Rc3 0-1

[Event "Oberliga Baden 0203"]
[Site "Germany"]
[Date "2003.01.12"]
[Round "4.8"]
[White "Vingerling, Marcel"]
[Black "Waffenschmidt, Joachim"]
[Result "1/2-1/2"]
[WhiteElo "2195"]
[BlackElo "2078"]
[PlyCount "128"]
[EventDate "2002.10.20"]
[EventType "team-tourn"]
[EventRounds "9"]
[EventCountry "GER"]
[SourceTitle "EXT 2018"]
[Source "ChessBase"]
[SourceDate "2017.10.13"]
[SourceVersion "1"]
[SourceVersionDate "2017.10.13"]
[SourceQuality "1"]
[WhiteTeam "Kuppenheim"]
[BlackTeam "Waldshut"]
[WhiteTeamCountry "GER"]
[BlackTeamCountry "GER"]

1. Nc3 d5 2. e4 e6 3. f4 Nf6 4. e5 Nfd7 5. Nf3 c5 6. g3 Nc6 7. h4 f6 8. Bh3 d4 9. Ne4 f5 10. Nf2 Nb6 11. Rg1 h5 12. Bg2 Be7 13. Qe2 Nd5 14. a3 Rb8 15. Ng5 b5 16. d3 a5 17. Bf3 g6 18. Nd1 Bxg5 19. hxg5 Nce7 20. Rh1 Kf7 21. Rh2 Kg7 22. Bd2 Ba6 23. a4 bxa4 24. Rxa4 Nb4 25. Bxb4 cxb4 26. b3 Bb5 27. Ra1 Bc6 28. Nb2 Bxf3 29. Qxf3 Nd5 30. Nc4 Ra8 31. Qf2 Nc3 32. Qf3 Qc7 33. Kd2 Nd5 34. Rhh1 Qc5 35. Ra2 Ra7 36. Rha1 Rha8 37. Qh1 Nc3 38. Rxa5 Rxa5 39. Qb7+ Kf8 40. Rxa5 Rxa5 41. Nxa5 Qxa5 42. Qb8+ Kf7 43. Qb7+ Ke8 44. Qc6+ Kd8 45. Qd6+ Kc8 46. Qxe6+ Kb7 47. Qe7+ Ka6 48. Qe6+ Qb6 49. Qc8+ Qb7 50. Qc4+ Nb5 51. Qxb4 Qc6 52. Qc4 Qxc4 53. bxc4 Nc7 54. c3 dxc3+ 55. Kxc3 Ne6 56. d4 h4 57. gxh4 Nxf4 58. d5 Kb6 59. e6 Kc7 60. Kd4 Kd6 61. c5+ Ke7 62. Ke5 Nd3+ 63. Kd4 Nb4 64. Ke5 Nd3+ 1/2-1/2

[Event "Oberliga Baden 0001"]
[Site "Baden"]
[Date "2001.01.28"]
[Round "5.5"]
[White "Vingerling, Marcel"]
[Black "Dittmar, Peter"]
[Result "0-1"]
[WhiteElo "2240"]
[BlackElo "2364"]
[PlyCount "160"]
[EventDate "2000.10.15"]
[EventType "team-tourn"]
[EventRounds "9"]
[EventCountry "GER"]
[SourceTitle "EXT 2002"]
[Source "ChessBase"]
[SourceDate "2001.11.25"]
[SourceVersion "1"]
[SourceVersionDate "2001.11.25"]
[SourceQuality "1"]

1. Nc3 d5 2. e4 e6 3. Qe2 Nf6 4. d3 Nc6 5. Bg5 d4 6. Nd1 e5 7. g3 Bb4+ 8. Bd2 a5 9. Bg2 Bg4 10. f3 Be6 11. a3 Bxd2+ 12. Qxd2 h5 13. Ne2 h4 14. Nf2 Qd6 15. Qg5 Ke7 16. g4 a4 17. 0-0 Kf8 18. Rac1 Nd7 19. Qd2 Nc5 20. Rce1 Rd8 21. Nh3 f6 22. f4 Bxg4 23. f5 Ke7 24. Kh1 Rdg8 25. Neg1 g5 26. fxg6 Rxg6 27. Qf2 Qe6 28. Qd2 Qd7 29. Rb1 Be6 30. Rf2 b6 31. Bf1 Rhg8 32. Rg2 Kd8 33. Rxg6 Rxg6 34. Qf2 Qh7 35. Nf3 Rh6 36. Nhg1 Kc8 37. Bh3 Bxh3 38. Nxh3 Qd7 39. Qg2 Kb7 40. Rg1 Ne7 41. Nf2 Rg6 42. Qh3 Rxg1+ 43. Kxg1 Qxh3 44. Nxh3 Ng6 45. Nf2 Ne6 46. Ng4 Ng5 47. Kf2 Nh7 48. Nh6 c5 49. Nf5 h3 50. Kg3 Nf4 51. Ng1 Ng5 52. Nd6+ Kc6 53. Ne8 c4 54. Nxf6 cxd3 55. cxd3 Nxd3 56. Kg4 Nf7 57. Nxh3 Nxb2 58. Nf2 Nc4 59. Kf5 Kd6 60. h4 Nxa3 61. Kg6 Ke6 62. Nd5 Nc2 63. Nd3 a3 64. Nxb6 a2 65. Nc5+ Kd6 66. Nb3 Ke7 67. Kg7 a1Q 68. Nxa1 Nxa1 69. Nd5+ Ke6 70. Nc7+ Kd7 71. Nd5 Ke6 72. Nc7+ Kd6 73. Nd5 Nd8 74. h5 Ne6+ 75. Kf6 d3 76. h6 Nf8 77. Kg7 d2 78. Nc3 Ke7 79. h7 Nxh7 80. Kxh7 Kd6 0-1

[Event "Oberliga Baden 0001"]
[Site "Baden"]
[Date "2000.11.12"]
[Round "2.5"]
[White "Vingerling, Marcel"]
[Black "Schwarz, Michael"]
[Result "1/2-1/2"]
[WhiteElo "2249"]
[BlackElo "2367"]
[PlyCount "38"]
[EventDate "2000.10.15"]
[EventType "team-tourn"]
[EventRounds "9"]
[EventCountry "GER"]
[SourceTitle "EXT 2002"]
[Source "ChessBase"]
[SourceDate "2001.11.25"]
[SourceVersion "1"]
[SourceVersionDate "2001.11.25"]
[SourceQuality "1"]

1. Nc3 d5 2. e4 c6 3. Nf3 g6 4. d4 Bg7 5. Be2 Nh6 6. 0-0 0-0 7. Bf4 f6 8. exd5 cxd5 9. Nb5 Nc6 10. c4 dxc4 11. Bxc4+ Nf7 12. d5 Nce5 13. Bxe5 Nxe5 14. Nxe5 fxe5 15. Qb3 Kh8 16. a4 Rf4 17. Rad1 a6 18. Nc3 Bf5 19. Ne2 Rh4 1/2-1/2

[Event "Oberliga Baden 0001"]
[Site "Baden"]
[Date "2000.10.15"]
[Round "1.5"]
[White "Riedel, Holger"]
[Black "Vingerling, Marcel"]
[Result "1-0"]
[WhiteElo "2179"]
[BlackElo "2249"]
[PlyCount "63"]
[EventDate "2000.10.15"]
[EventType "team-tourn"]
[EventRounds "9"]
[EventCountry "GER"]
[SourceTitle "EXT 2002"]
[Source "ChessBase"]
[SourceDate "2001.11.25"]
[SourceVersion "1"]
[SourceVersionDate "2001.11.25"]
[SourceQuality "1"]

1. d4 f5 2. Bg5 g6 3. Nc3 Bg7 4. e3 Nf6 5. Bc4 d6 6. h4 h6 7. Bf4 e6 8. Qf3 Qe7 9. 0-0-0 0-0 10. Qg3 Kh7 11. Nh3 Nh5 12. Qh2 Nd7 13. f3 Nb6 14. Bb3 e5 15. dxe5 dxe5 16. Bg3 c6 17. Bf2 Be6 18. Qg1 Bxb3 19. axb3 e4 20. g4 fxg4 21. fxg4 Bxc3 22. gxh5 Bxb2+ 23. Kxb2 Na4+ 24. bxa4 Qb4+ 25. Kc1 Qa3+ 26. Kd2 Rf6 27. Nf4 Qxa4 28. hxg6+ Kg8 29. Qg4 Rd8+ 30. Ke1 Qa5+ 31. Kf1 h5 32. Rxd8+ 1-0

[Event "Oberliga Bayern 9798"]
[Site "Bayern"]
[Date "1998.??.??"]
[Round "?.7"]
[White "Vingerling, Marcel"]
[Black "Denk, Adolf"]
[Result "1/2-1/2"]
[WhiteElo "2235"]
[BlackElo "2210"]
[PlyCount "91"]
[EventDate "1997.10.??"]
[EventType "team-tourn"]
[EventRounds "9"]
[EventCountry "GER"]
[SourceTitle "EXT 2020"]
[Source "ChessBase"]
[SourceDate "2019.10.17"]
[SourceVersion "1"]
[SourceVersionDate "2019.10.17"]
[SourceQuality "1"]
[WhiteTeam "Pasing"]
[BlackTeam "Passau II"]
[WhiteTeamCountry "GER"]
[BlackTeamCountry "GER"]

1. Nc3 e5 2. Nf3 d6 3. d4 exd4 4. Nxd4 Nf6 5. g3 Be7 6. Bg2 0-0 7. e4 c6 8. 0-0 Re8 9. Bf4 Bf8 10. Qd2 Nbd7 11. Nf5 Ne5 12. Ne3 Be6 13. Bg5 h6 14. Bxf6 Qxf6 15. Qe2 b5 16. f4 Nc4 17. e5 dxe5 18. f5 Bc5 19. fxe6 Bxe3+ 20. Kh1 Qxe6 21. b3 Bd4 22. bxc4 Bxc3 23. Rad1 b4 24. Qe4 Rac8 25. g4 Bd4 26. Rd3 g6 27. g5 hxg5 28. Bh3 Qxc4 29. Rdf3 Rc7 30. Rxf7 Qxf7 31. Rxf7 Kxf7 32. Bf1 Rd8 33. Qg4 Be3 34. Bc4+ Kg7 35. Qe6 Bf4 36. Bd3 e4 37. Qxe4 Rd6 38. h4 Rf7 39. Bc4 Rd1+ 40. Kg2 Rd2+ 41. Kf3 Rf5 42. Kg4 Be5 43. Qxc6 Rd4+ 44. Kh3 Rxh4+ 45. Kg2 Rg4+ 46. Kh1 1/2-1/2

[Event "Oberliga Bayern 9798"]
[Site "Bayern"]
[Date "1998.??.??"]
[Round "?.8"]
[White "Vingerling, Marcel"]
[Black "Mack, Wolfgang"]
[Result "1-0"]
[WhiteElo "2235"]
[BlackElo "2050"]
[PlyCount "45"]
[EventDate "1997.10.??"]
[EventType "team-tourn"]
[EventRounds "9"]
[EventCountry "GER"]
[SourceTitle "EXT 2020"]
[Source "ChessBase"]
[SourceDate "2019.10.17"]
[SourceVersion "1"]
[SourceVersionDate "2019.10.17"]
[SourceQuality "1"]
[WhiteTeam "Pasing"]
[BlackTeam "Milbertshofen (SG Schwabing)"]
[WhiteTeamCountry "GER"]
[BlackTeamCountry "GER"]

1. Nc3 g6 2. d4 Bg7 3. e4 d6 4. Bc4 Nc6 5. Nf3 Bd7 6. 0-0 e5 7. dxe5 dxe5 8. Bg5 Qc8 9. Qd2 Be6 10. Nd5 h6 11. Be3 Nf6 12. Nxf6+ Bxf6 13. Bd5 Bg4 14. Qc3 Bxf3 15. Bxc6+ Kf8 16. Bd5 c6 17. Bb3 Be2 18. f4 Bxf1 19. Rxf1 Qe8 20. fxe5 Bxe5 21. Rxf7+ Qxf7 22. Qxe5 Qh7 23. Bc5+ 1-0

[Event "Oberliga Bayern 9798"]
[Site "Bayern"]
[Date "1998.??.??"]
[Round "?.8"]
[White "Vingerling, Marcel"]
[Black "Spitzl, Bertram"]
[Result "1-0"]
[WhiteElo "2235"]
[BlackElo "2105"]
[PlyCount "109"]
[EventDate "1997.10.??"]
[EventType "team-tourn"]
[EventRounds "9"]
[EventCountry "GER"]
[SourceTitle "EXT 2020"]
[Source "ChessBase"]
[SourceDate "2019.10.17"]
[SourceVersion "1"]
[SourceVersionDate "2019.10.17"]
[SourceQuality "1"]
[WhiteTeam "Pasing"]
[BlackTeam "Bindlach"]
[WhiteTeamCountry "GER"]
[BlackTeamCountry "GER"]

1. Nc3 d5 2. e4 c6 3. Nf3 Bg4 4. Be2 dxe4 5. Nxe4 Nf6 6. Ng3 e6 7. h3 Bxf3 8. Bxf3 Qc7 9. 0-0 Nbd7 10. a4 Bd6 11. Ne4 Nxe4 12. Bxe4 Nf6 13. Bf3 a5 14. d4 Rd8 15. c3 h6 16. Qc2 0-0 17. Re1 Rfe8 18. Bd2 e5 19. dxe5 Bxe5 20. Be3 Bf4 21. Bd4 Be5 22. Bxe5 Rxe5 23. Rxe5 Qxe5 24. Rd1 Qe7 25. Rxd8+ Qxd8 26. Qf5 Qb6 27. b4 axb4 28. a5 Qc7 29. cxb4 Qe7 30. Qb1 Ne8 31. b5 cxb5 32. Qxb5 Nd6 33. Qb4 Qc7 34. Bd5 g6 35. Qf4 Qc5 36. Bf3 Kg7 37. Qa4 Qc1+ 38. Kh2 Qc7 39. g3 Qc5 40. Kg2 Qc7 41. Qd4+ Kg8 42. Qa7 Qc8 43. Qb6 Qd7 44. Qd4 Qc7 45. Qe5 Qd7 46. Kh2 Qe6 47. Qxe6 fxe6 48. Bxb7 Nb5 49. Kg2 Kf7 50. a6 Kf6 51. Kf3 Ke5 52. Ke3 g5 53. Kd3 Kd6 54. Kc4 Na7 55. g4 1-0

[Event "Oberliga Bayern 9798"]
[Site "Bayern"]
[Date "1997.??.??"]
[Round "?.8"]
[White "Taeger, Winfried"]
[Black "Vingerling, Marcel"]
[Result "1-0"]
[WhiteElo "2190"]
[BlackElo "2235"]
[PlyCount "117"]
[EventDate "1997.10.??"]
[EventType "team-tourn"]
[EventRounds "9"]
[EventCountry "GER"]
[SourceTitle "EXT 2020"]
[Source "ChessBase"]
[SourceDate "2019.10.17"]
[SourceVersion "1"]
[SourceVersionDate "2019.10.17"]
[SourceQuality "1"]
[WhiteTeam "Tegernsee TV"]
[BlackTeam "Pasing"]
[WhiteTeamCountry "GER"]
[BlackTeamCountry "GER"]

1. d4 f5 2. c4 Nf6 3. Nc3 g6 4. g3 Bg7 5. Bg2 0-0 6. Nf3 d6 7. 0-0 c6 8. d5 Qe8 9. Nd4 Bd7 10. b3 Na6 11. Bb2 Nc7 12. a4 Rd8 13. Qd2 e5 14. dxe6 Nxe6 15. Nxe6 Bxe6 16. Rad1 Rf7 17. a5 h5 18. e4 Qf8 19. e5 Ng4 20. exd6 f4 21. Ne4 Bh6 22. Qd4 Bg7 23. Qd2 Bh6 24. Qc3 Bg7 25. Qc2 Bf5 26. Bxg7 Qxg7 27. Qc3 Qxc3 28. Nxc3 Bc2 29. Rd4 f3 30. Bh3 c5 31. Rd2 Bxb3 32. Ne4 Rf5 33. Rc1 Re5 34. Bxg4 hxg4 35. Nf6+ Kg7 36. Nxg4 Re2 37. Rd5 Bxc4 38. Rxc5 Be6 39. Ne5 Rxd6 40. Nxf3 Kf6 41. Re1 Rxe1+ 42. Nxe1 Rd5 43. Rxd5 Bxd5 44. f3 Ke5 45. Kf2 b5 46. axb6 axb6 47. Ke3 Bc6 48. Nd3+ Kf5 49. h4 Ke6 50. f4 Bb7 51. Ne5 b5 52. Nxg6 b4 53. Ne5 b3 54. Kd3 Kf5 55. Kc3 Bd5 56. h5 Ke4 57. h6 Bg8 58. Nd7 Kf5 59. Nf8 1-0

[Event "Oberliga Bayern 9798"]
[Site "Bayern"]
[Date "1997.??.??"]
[Round "?.8"]
[White "Vingerling, Marcel"]
[Black "Bischof, Robert"]
[Result "1-0"]
[WhiteElo "2235"]
[BlackElo "2005"]
[PlyCount "139"]
[EventDate "1997.10.??"]
[EventType "team-tourn"]
[EventRounds "9"]
[EventCountry "GER"]
[SourceTitle "EXT 2020"]
[Source "ChessBase"]
[SourceDate "2019.10.17"]
[SourceVersion "1"]
[SourceVersionDate "2019.10.17"]
[SourceQuality "1"]
[WhiteTeam "Pasing"]
[BlackTeam "Pang/Rosenheim"]
[WhiteTeamCountry "GER"]
[BlackTeamCountry "GER"]

1. Nc3 c5 2. f4 d5 3. e4 dxe4 4. Nxe4 e6 5. Nf3 Nf6 6. Nf2 Nc6 7. g3 Be7 8. Bg2 Qc7 9. 0-0 b6 10. Ne5 Bb7 11. Nfd3 Nd7 12. Nxc6 Bxc6 13. Qe2 c4 14. Ne1 Bxg2 15. Nxg2 0-0 16. Ne3 Rac8 17. b3 Bf6 18. c3 cxb3 19. axb3 Rfd8 20. Ba3 g6 21. Ra2 a5 22. Rb1 Nc5 23. Bxc5 Qxc5 24. b4 axb4 25. Rxb4 Rc7 26. Rb5 Qc6 27. Rab2 Rb8 28. Ng4 Bg7 29. Qe3 Rcb7 30. Nf2 Bf8 31. Qe4 Qxe4 32. Nxe4 Be7 33. Kf1 Kf8 34. Ke2 Ke8 35. d4 Kd8 36. Nd2 Kc7 37. Nc4 Bf6 38. Kd3 Kc6 39. g4 h6 40. Ke4 Bg7 41. h3 Bh8 42. Rb1 Bg7 43. R5b3 Bh8 44. Ra1 Bg7 45. Ra6 Kc7 46. Na3 b5 47. Nc2 Rb6 48. Nb4 Bf8 49. Ra7+ R6b7 50. Rxb7+ Rxb7 51. Nd3 Bd6 52. f5 Kc6 53. fxe6 fxe6 54. Ne5+ Bxe5 55. Kxe5 Rf7 56. Kxe6 Rf3 57. h4 g5 58. hxg5 hxg5 59. Ke5 Rf4 60. Rb4 Rf3 61. c4 bxc4 62. Rxc4+ Kd7 63. d5 Rf1 64. Ra4 Re1+ 65. Kf5 Kd6 66. Rd4 Re5+ 67. Kf6 Rxd5 68. Rxd5+ Kxd5 69. Kxg5 Ke5 70. Kg6 1-0

[Event "Oberliga Bayern 9697"]
[Site "Bayern"]
[Date "1997.??.??"]
[Round "?"]
[White "Vingerling, Marcel"]
[Black "Blodig, Reinhard"]
[Result "0-1"]
[WhiteElo "2200"]
[BlackElo "2235"]
[PlyCount "68"]
[EventDate "1996.10.13"]
[EventType "team-tourn"]
[EventRounds "9"]
[EventCountry "GER"]
[SourceTitle "EXT 2020"]
[Source "ChessBase"]
[SourceDate "2019.10.17"]
[SourceVersion "1"]
[SourceVersionDate "2019.10.17"]
[SourceQuality "1"]
[WhiteTeam "Pasing"]
[BlackTeam "Regensburg Fortuna"]
[WhiteTeamCountry "GER"]
[BlackTeamCountry "GER"]

1. Nc3 g6 2. f4 Bg7 3. Nf3 d6 4. e4 c5 5. g3 Nc6 6. Bg2 e6 7. 0-0 Nge7 8. d3 0-0 9. Qe1 b6 10. g4 Nd4 11. Nxd4 Bxd4+ 12. Kh1 Rb8 13. e5 Bxc3 14. bxc3 Bb7 15. Bxb7 Rxb7 16. c4 Nc6 17. exd6 Rd7 18. Bb2 Rxd6 19. Qg3 f5 20. g5 Nd4 21. Rf2 Qa8+ 22. Kg1 Qb7 23. Re1 Re8 24. h4 Qg7 25. Ba1 h5 26. gxh6 Qxh6 27. Bxd4 Rxd4 28. Qg5 Kg7 29. Qg3 e5 30. Qe3 Qxh4 31. c3 Rdd8 32. fxe5 Rh8 33. Rg2 Rxd3 34. Qe2 Rg3 0-1

[Event "Landesliga Sued 9495"]
[Site "Bayern"]
[Date "1995.04.02"]
[Round "7.6"]
[White "Sailer, Wolfgang"]
[Black "Vingerling, Marcel"]
[Result "1/2-1/2"]
[WhiteElo "2115"]
[BlackElo "2220"]
[PlyCount "67"]
[EventDate "1994.10.09"]
[EventType "team-tourn"]
[EventRounds "9"]
[EventCountry "GER"]
[SourceTitle "EXT 2020"]
[Source "ChessBase"]
[SourceDate "2019.10.17"]
[SourceVersion "1"]
[SourceVersionDate "2019.10.17"]
[SourceQuality "1"]
[WhiteTeam "Ingolstadt"]
[BlackTeam "Pasing"]
[WhiteTeamCountry "GER"]
[BlackTeamCountry "GER"]

1. d4 f5 2. c4 Nf6 3. Nc3 g6 4. g3 Bg7 5. Bg2 0-0 6. Nh3 d6 7. d5 Na6 8. 0-0 Nc5 9. Be3 e5 10. dxe6 Nxe6 11. Nf4 c6 12. Qb3 Ng4 13. c5 Re8 14. Rad1 Nxe3 15. Rxd6 Qf6 16. fxe3 Bf8 17. Rxc6 bxc6 18. Bxc6 Kh8 19. Ncd5 Qe5 20. Nd3 Qb8 21. Bxe8 Qxb3 22. axb3 Nxc5 23. Nxc5 Bxc5 24. b4 Bd6 25. Bc6 Rb8 26. b5 Be6 27. Nc3 Bc5 28. Kf2 g5 29. Kf3 Rf8 30. Rd1 g4+ 31. Kf4 Kg7 32. Bd5 Bd6+ 33. Kg5 Be7+ 34. Kf4 1/2-1/2

[Event "Landesliga Sued 9495"]
[Site "Bayern"]
[Date "1995.03.05"]
[Round "6.6"]
[White "Vingerling, Marcel"]
[Black "Schmidt, Anton"]
[Result "1-0"]
[WhiteElo "2220"]
[BlackElo "1640"]
[PlyCount "59"]
[EventDate "1994.10.09"]
[EventType "team-tourn"]
[EventRounds "9"]
[EventCountry "GER"]
[SourceTitle "EXT 2020"]
[Source "ChessBase"]
[SourceDate "2019.10.17"]
[SourceVersion "1"]
[SourceVersionDate "2019.10.17"]
[SourceQuality "1"]
[WhiteTeam "Pasing"]
[BlackTeam "Landshut"]
[WhiteTeamCountry "GER"]
[BlackTeamCountry "GER"]

1. e4 Nf6 2. e5 Nd5 3. d4 d6 4. Nf3 Nc6 5. c4 Nb6 6. exd6 exd6 7. Be2 Bg4 8. 0-0 Be7 9. d5 Bxf3 10. Bxf3 Ne5 11. Be2 0-0 12. Qc2 Re8 13. a4 a5 14. Ra3 c6 15. Rh3 g6 16. f4 Ned7 17. dxc6 bxc6 18. Nc3 Nc5 19. f5 Bf6 20. Kh1 Nbd7 21. Be3 Qe7 22. Bxc5 Nxc5 23. Bf3 Ra6 24. fxg6 fxg6 25. Qd2 Bxc3 26. bxc3 Qe5 27. Qh6 Qg7 28. Qf4 Qe5 29. Bd5+ Kh8 30. Qf7 1-0